Länder mit mehr als einer Hauptstadt (offiziell oder klar geteiltem Re - Statistiken

Allgemein
  • Dieses Quiz wurde 60 mal gespielt
  • Das Durchschnittsergebnis liegt bei 3 aus 8
Antwortstatistiken
Antworten % Korrekt
Südafrika
96%
Bolivien
69%
Niederlande
62%
Sri Lanka
31%
Benin
23%
Elfenbeinküste
12%
Malaysia
6%
Eswatini
4%
Keine übereinstimmenden Quizze gefunden
Verteilung der Resultate
Anzahl Personen mit jedem Resultat
Perzentil nach korrekt beantworteten Fragen
Ihre Resultats-Entwicklung
Sie haben dieses Quiz noch nicht gespielt